TXT Alphabet song - Statistics

General Stats
  • This quiz has been taken 206 times
    146 since last reset
  • The average score is 14 of 20
Answer Stats
Hint Answer % Correct
C Can’t we just leave the monster alive / Chasing that feeling / Crown / Cat & dog / Can’t you see me?
96%
D Dear Sputnik / Dreamer / Deep down / Do it like that / Deja vu / Drama / Devil by the window / Danger
92%
F Force / Frost / Fairy of shampoo / Free Falling / Farewell neverland / Forty one winks
87%
B Blue hour / Back for more / Blue spring / Blue orangeade
85%
G Growing pain / Ghosting / Good boy gone bad
84%
M Magic island / Magic / MOA diary / Miracle / Maze in the mirror
79%
H Hydrangea love / Hitori no Yoru / Happily ever after / Happy fools / Heaven / Higher than heaven
76%
T The Killa / Trust fund baby / Thursday’s child has far to go / Tinnitus
74%
O Outro: still / Outro: falling / Our summer / Opening sequence / Open always wins / Over the moon
73%
A Angel or devil / Anti-romantic
69%
L Lo$er=Lover / Lonely boy / Love language
69%
P Poppin’ star / Puma
68%
I Intro: dreaming / Ice cream / Intro: floating / Ito / I’ll see you there tomorrow
66%
N New rules / No rules / Nap of a star
66%
W What if I had been that puma / We lost the summer / Wishlist / Way home / We’ll never change
65%
S Skipping stones / Sugar rush ride / Step by step
64%
R Roller coaster / Ring / Resist / Rise
58%
E Everlasting shine / Eternally
55%
Q Quarter life
47%
K Kitto zutto
30%
No matching quizzes found
Score Distribution
Percent of People with Each Score
Percentile by Number Answered
Your Score History
You have not taken this quiz since the last reset